000
00276nam a2200133Ia 4500
100
_a
Bedi/D.S.
942
_c
BK
654
_a
materials
245
_a
Strength Of Materials
260
_b
S.Chand and Co.
_a
New Delhi
_c
1984
300
_a
488
546
_a
ENGLISH
999
_c
33263
_d
33263